ALL Drag Race Down Under Queens - Statistics

General Stats
  • This quiz has been taken 206 times
    106 since last reset
  • The average score is 31 of 40
Answer Stats
Season Placement Drag Queen % Correct
πŸ‡¦πŸ‡Ί RuPaul's Drag Race Down Under πŸ‡³πŸ‡Ώ-Season 1- 8thπŸ’ Miss Congeniality πŸ’ Anita Wigl'it
95%
πŸ‡¦πŸ‡Ί RuPaul's Drag Race Down Under πŸ‡³πŸ‡Ώ-Season 1- πŸ₯ˆ Runner-Up πŸ₯ˆ[Orig. 9th] Art Simone
95%
πŸ‡¦πŸ‡Ί RuPaul's Drag Race Down Under πŸ‡³πŸ‡Ώ-Season 2- πŸ₯ˆ Runner-Up πŸ₯ˆ Hannah Conda
95%
πŸ‡¦πŸ‡Ί RuPaul's Drag Race Down Under πŸ‡³πŸ‡Ώ-Season 1- πŸ† WINNER πŸ† Kita Mean
95%
πŸ‡¦πŸ‡Ί RuPaul's Drag Race Down Under πŸ‡³πŸ‡Ώ-Season 2- πŸ₯ˆ Runner-Up πŸ₯ˆ Kween Kong
95%
πŸ‡¦πŸ‡Ί RuPaul's Drag Race Down Under πŸ‡³πŸ‡Ώ-Season 1- πŸ₯ˆ Runner-Up πŸ₯ˆ Karen From Finance
93%
πŸ‡¦πŸ‡Ί RuPaul's Drag Race Down Under πŸ‡³πŸ‡Ώ-Season 1- πŸ₯ˆ Runner-Up πŸ₯ˆ Scarlet Adams
93%
πŸ‡¦πŸ‡Ί RuPaul's Drag Race Down Under πŸ‡³πŸ‡Ώ-Season 2- πŸ† WINNER πŸ† Spankie Jackzon
93%
πŸ‡¦πŸ‡Ί RuPaul's Drag Race Down Under πŸ‡³πŸ‡Ώ-Season 3- πŸ† WINNER πŸ† Isis Avis Loren
89%
πŸ‡¦πŸ‡Ί RuPaul's Drag Race Down Under πŸ‡³πŸ‡Ώ-Season 1- 9th Coco Jumbo
86%
πŸ‡¦πŸ‡Ί RuPaul's Drag Race Down Under πŸ‡³πŸ‡Ώ-Season 1- 7th Etcetera Etcetera
86%
πŸ‡¦πŸ‡Ί Drag Race Down Under πŸ‡³πŸ‡Ώ-Season 4- πŸ† WINNER πŸ† Lazy Susan
86%
πŸ‡¦πŸ‡Ί RuPaul's Drag Race Down Under πŸ‡³πŸ‡Ώ-Season 2- 5th Beverly Kills
84%
πŸ‡¦πŸ‡Ί RuPaul's Drag Race Down Under πŸ‡³πŸ‡Ώ-Season 1- 5th Elektra Shock
84%
πŸ‡¦πŸ‡Ί RuPaul's Drag Race Down Under πŸ‡³πŸ‡Ώ-Season 1- 6th Maxi Shield
84%
πŸ‡¦πŸ‡Ί RuPaul's Drag Race Down Under πŸ‡³πŸ‡Ώ-Season 2- 7th Minnie Cooper
84%
πŸ‡¦πŸ‡Ί RuPaul's Drag Race Down Under πŸ‡³πŸ‡Ώ-Season 1- 10th Jojo Zaho
82%
πŸ‡¦πŸ‡Ί RuPaul's Drag Race Down Under πŸ‡³πŸ‡Ώ-Season 3- πŸ₯ˆ Runner-Up πŸ₯ˆ Gabriella Labucci
80%
πŸ‡¦πŸ‡Ί RuPaul's Drag Race Down Under πŸ‡³πŸ‡Ώ-Season 2- 4th Molly Poppinz
80%
πŸ‡¦πŸ‡Ί RuPaul's Drag Race Down Under πŸ‡³πŸ‡Ώ-Season 2- 6thπŸ’ Miss Congeniality πŸ’ Yuri Guaii
80%
πŸ‡¦πŸ‡Ί RuPaul's Drag Race Down Under πŸ‡³πŸ‡Ώ-Season 2- 10th FaΓΊx FΓΊr
77%
πŸ‡¦πŸ‡Ί RuPaul's Drag Race Down Under πŸ‡³πŸ‡Ώ-Season 3- 3rd Flor
77%
πŸ‡¦πŸ‡Ί RuPaul's Drag Race Down Under πŸ‡³πŸ‡Ώ-Season 3- 10th Amyl
75%
πŸ‡¦πŸ‡Ί RuPaul's Drag Race Down Under πŸ‡³πŸ‡Ώ-Season 2- 9th Aubrey Haive
75%
πŸ‡¦πŸ‡Ί RuPaul's Drag Race Down Under πŸ‡³πŸ‡Ώ-Season 2- 8th Pomara Fifth
75%
πŸ‡¦πŸ‡Ί RuPaul's Drag Race Down Under πŸ‡³πŸ‡Ώ-Season 3- 7th Rita Menu
75%
πŸ‡¦πŸ‡Ί RuPaul's Drag Race Down Under πŸ‡³πŸ‡Ώ-Season 3- 4th Hollywould Star
73%
πŸ‡¦πŸ‡Ί RuPaul's Drag Race Down Under πŸ‡³πŸ‡Ώ-Season 3- 9thπŸ’ Miss Congeniality πŸ’ Ivory Glaze
70%
πŸ‡¦πŸ‡Ί Drag Race Down Under πŸ‡³πŸ‡Ώ-Season 4- 6th Max Drag Queen
70%
πŸ‡¦πŸ‡Ί RuPaul's Drag Race Down Under πŸ‡³πŸ‡Ώ-Season 3- 6th Ashley Madison
68%
πŸ‡¦πŸ‡Ί RuPaul's Drag Race Down Under πŸ‡³πŸ‡Ώ-Season 3- 5th Bumpa Love
68%
πŸ‡¦πŸ‡Ί RuPaul's Drag Race Down Under πŸ‡³πŸ‡Ώ-Season 3- 8th Ivanna Drink
68%
πŸ‡¦πŸ‡Ί Drag Race Down Under πŸ‡³πŸ‡Ώ-Season 4- 10th Olivia Dreams
66%
πŸ‡¦πŸ‡Ί Drag Race Down Under πŸ‡³πŸ‡Ώ-Season 4- πŸ₯ˆ Runner-Up πŸ₯ˆ Vybe
66%
πŸ‡¦πŸ‡Ί Drag Race Down Under πŸ‡³πŸ‡Ώ-Season 4- 7th Brenda Bressed
64%
πŸ‡¦πŸ‡Ί Drag Race Down Under πŸ‡³πŸ‡Ώ-Season 4- 5th Nikita Iman
64%
πŸ‡¦πŸ‡Ί Drag Race Down Under πŸ‡³πŸ‡Ώ-Season 4- πŸ₯ˆ Runner-Up πŸ₯ˆ Mandy Moobs
61%
πŸ‡¦πŸ‡Ί Drag Race Down Under πŸ‡³πŸ‡Ώ-Season 4- 9th Karna Ford
57%
πŸ‡¦πŸ‡Ί Drag Race Down Under πŸ‡³πŸ‡Ώ-Season 4- 8th Lucina Innocence
52%
πŸ‡¦πŸ‡Ί Drag Race Down Under πŸ‡³πŸ‡Ώ-Season 4- 4th Freya Armani
50%
No matching quizzes found
Score Distribution
Percent of People with Each Score
Percentile by Number Answered
Your Score History
You have not taken this quiz since the last reset